| 000 | 00384cam a2200121ua 4500 | ||
|---|---|---|---|
| 020 | _a0-07-0463949-8 | ||
| 082 |
_a001. _bTAR/TA |
||
| 100 |
_aTara, Chand . _91589 |
||
| 245 | 0 | 0 | _aTata McGraw-Hill`s General Studies Manual for the UPSC Civil Sevices Preliminary Examination-2000 / |
| 260 |
_aNew Delhi : _bTata Mc-Graw Hill Publishing Company , _c2000. |
||
| 300 | _a ; . | ||
| 942 | _cREF | ||
| 999 |
_c9005 _d9005 |
||